| 000 | 00694cam a2200229 4500 | ||
|---|---|---|---|
| 001 | ABS62923 | ||
| 008 | 000000n2000 000 0 eng u | ||
| 035 | _a(Sirsi) u108466 | ||
| 245 | _aLondon's great estates | ||
| 260 | _c2000 | ||
| 490 |
_aEstates Gazette _v(0036) 9 September 2000, 70-76(8) |
||
| 520 | _aFirst in a series of articles looking at the great estates of London. This article looks at Cadogan Estate and the Wellcome Trust. | ||
| 590 | _aABS | ||
| 650 | _aCADOGAN ESTATE | ||
| 650 | _aWELLCOME TRUST | ||
| 650 | _aLANDED ESTATES | ||
| 650 | _aLONDON | ||
| 650 | _aSLOANE SQUARE | ||
| 650 | _aSOUTH KENSINGTON | ||
| 690 |
_aPROPERTY MANAGEMENT _96262 |
||
| 942 | _n0 | ||
| 999 |
_c64760 _d64760 |
||